Movies Quiz

Random Movies or Actress Quiz

1939 Best Picture Nominees Quiz Stats

Quiz not verified by Sporcle

Challenge
Share
Tweet
Embed
Score 0/10 Timer 05:00
0 Plays Today
Lead Actor/Actress Film % Correct
Vivien Leigh*Gone With the Wind
100%
Judy GarlandThe Wizard of Oz
96.8%
James StewartMr. Smith Goes To Washington
82.5%
Robert Donat/Greer GarsonGoodbye, Mr. Chips
74.6%
John WayneStagecoach
73%
Greta GarboNinotchka
61.9%
Laurence OlivierWuthering Heights
61.9%
Burgess MeredithOf Mice and Men
47.6%
Bette DavisDark Victory
44.4%
Irene Dunne/Charles BoyerLove Affair
34.9%

You're not logged in!

Compare scores with friends on all Sporcle quizzes.
Sign Up with Email
OR
Log In

You Might Also Like...

Show Comments

Extras

Top Quizzes Today


Score Distribution

Your Account Isn't Verified!

In order to create a playlist on Sporcle, you need to verify the email address you used during registration. Go to your Sporcle Settings to finish the process.